000 01727nam a22002537a 4500
008 141222s2021 xxk|||||o|||| 00| 0 eng d
020 _a 9781783214228
041 _aeng
110 _aRoyal Institution of Chartered Surveyors
245 _aAsbestos: legal requirements and best practice for property professionals and clients,
_bRICS guidance note
_cEffective from 6 August 2021
_h[Electronic resource]
250 _a4th
260 _aLondon,
_bRoyal Institution of Chartered Surveyors,
_cMay 2021
300 _a60p
490 _aRICS guidance note
520 _aThis guidance note contains a comprehensive overview of the legislation and industry guidance that govern the complex subject of asbestos. It provides guidance on the dangers asbestos poses to health and businesses, and sets out best practice advice to assist property professionals in complying with the regulations and implementing an effective management plan to ensure that they do not put themselves or others at risk. The guidance note is not intended to advise members specially in the undertaking of asbestos surveys. Guidance on such surveys is set out in the HSE publication HSG264 Asbestos: The survey guide. https://www.hse.gov.uk/pubns/books/hsg264.htm
520 _aReplaces 3rd edition (ISBN 9781842197240)
650 _aAsbestos
650 _aBuilding Surveying
651 _aUnited Kingdom
690 _96225
_aBuilding surveying
710 _aRoyal Institution of Chartered Surveyors
856 _uhttps://www.rics.org/content/dam/ricsglobal/documents/standards/May_2021_Asbestos_Legal_Requirements_And_Best_Practice_For_Property_Professionals_And_Clients_4th_Edition.pdf
_zAvailable free on RICS.org
942 _n0
999 _c121263
_d121263